Catálogo

CADA DÍA ES UN ALBA (Registro nro. 29523)

Detalles MARC
000 -LEADER
fixed length control field 00779nam a2200181 a 4500
001 - CONTROL NUMBER
control field 29523
005 - DATE AND TIME OF LATEST TRANSACTION
control field 20180713232602.0
008 - FIXED-LENGTH DATA ELEMENTS--GENERAL INFORMATION
fixed length control field 140415s1989 000 0 spa d
020 ## - INTERNATIONAL STANDARD BOOK NUMBER
International Standard Book Number 8421814931
041 ## - LANGUAGE CODE
Language code of text/sound track or separate title spa
082 ## - DEWEY DECIMAL CLASSIFICATION NUMBER
Classification number 204.2
Item number EVE
100 1# - MAIN ENTRY--PERSONAL NAME
Personal name LOUIS EVELY
245 10 - TITLE STATEMENT
Title CADA DÍA ES UN ALBA
250 ## - EDITION STATEMENT
Edition statement 1a ed.
260 ## - PUBLICATION, DISTRIBUTION, ETC.
Place of publication, distribution, etc. [s.l.] :
Name of publisher, distributor, etc. SAL TERRAE,
Date of publication, distribution, etc. 1989
300 ## - PHYSICAL DESCRIPTION
Extent 203
Dimensions 14 x 2 x 21
520 ## - SUMMARY, ETC.
Summary, etc. ESTA COLECCION DE TEXTOS INEDITOS, SACADOS DE LAS NOTAS Y OTRAS SERIES DE ESCRITOS PERSONALES DEL AUTOR, SE PRESENTAN CONFORMO A UNA TEMATICA PERPEFECTANMENTE ORDENADA Y PROGRESIVA QUE DA LUGAR A UNA OBRA REALMENTE ORIGINAL: LA VIDA, LA MUERTE, EL AMOR Y DIOS EN EL CORAZON....EL DERECHO A EXISTIR, EL CORAJE DE VIVIR, EL SUFRIMIENTO Y LA ALEGRIA.
Existencias
Withdrawn status Lost status Source of classification or shelving scheme Damaged status Not for loan Collection code Home library Current library Shelving location Date acquired Source of acquisition Total Checkouts Full call number Barcode Date last seen Date last checked out Price effective from Koha item type
    Dewey Decimal Classification     General Tehuacán Tehuacán Sala general 03/12/2013 Compra   204.2 EVE 503607 08/01/2025 11/02/2017 03/12/2013 Libro